01227nam a2200289 a 450000100060000000300080000600500170001400800390003102000240007003500190009404000320011304100080014508200270015324501540018026000520033430000280038650400560041450501180047065000310058865000290061965100520064870000290070070000330072994200120076299900170077495201460079137032BD-RjUL20211209052554.0141001s1981 enk b 001 0 eng a0471276758 (v. 2) : a(BD-RjUL)37134 aDLCcDLCdDLCdBD-RjULbeng aeng00a307.72091724bEXT 198100aExtension education and rural development /cedited by Bruce R. Crouch, Shankariah Chamala.nVolume 2 :pExperience in Strategies for Planned Change. aChichester [Eng.] ;aNew York :bWiley,cc1981. axviii, 325 p. ;c24 cm. aIncludes bibliography: v. 2, p. 283-313 and index.0 av. 1. International experience in communication & innovation.--v. 2. Experience in strategies for planned change. 0aRural development.9113191 0aRural extension.9113192 0aDeveloping countriesxRural conditions.91131931 aCrouch, Bruce R.91131941 aChamala, Shankariah.9113195 2ddccBK c37032d37032 00102ddc40718NFICaIBScbIBSccStackd2014-10-01eBritish councill0o307.72091724 EXT V-2 1981r2014-10-01 00:00:00tC-1w2014-10-01yBK